000 005060000a22001330004500
090 _aMM
_b00248
111 2 _aMemorias Talleres sobre Biodiversidad Acuática de la Cuenca del Río Orinoco
_lBogotá
_fmarzo 11-11, 2004
_9101071
245 1 0 _aTalleres sobre biodiversidad acuática de la cuenca del río Orinoco
_sconstrucción de visión de la biodiversidad de la cuenca del río Orinoco
044 _aColombia
300 _aCD-ROM
041 0 _aEspañol
260 _aBogotá
_bFUDENA
_c2004
942 _cCD-ROM
999 _c16633
_d16633